000 01881nam0a2200445 4500
001 RU\NLR\bibl\1392749
005 20260406132943.0
010 _a978-5-486-02792-5
_bв пер.
_98000
021 _aRU
_b2009-39229
_92381
035 _a(nilc)RSL-KNO-004329823
035 _a(NLR Aleph) 001384781
090 _a1124631
_c1124631
100 _a20090515d2009 |||y0rusy50 ca
101 0 _arus
102 _aRU
105 _ay zzzz|||||
135 _acrmn mmmancda
200 1 _aПовести
_fН. С. Лесков
210 _aМосква
_cМир книги
_d2009
215 _a286, [1] с.
_d21
225 1 _aШедевры мировой литературы
300 _aЗагл. обл.: Очарованный странник
325 _aКопия доступна в Электрон. б-ке РНБ
327 1 _aСодерж.: Очарованный странник; Леди Макбет Мценского уезда; Запечатленный ангел; Левша
512 1 _6z77790
_aОчарованный странник
686 _aШ5(2=Р)52-644
_2rubbk
686 2 _aШ6(2=Р)52-4
700 1 _4070
_7ca
_8rus
_aЛесков
_bН. С.
_f1831-1895
_gНиколай Семенович
_9112020
_3RU\NLR\auth\772003
790 1 _4070
_7ca
_8rus
_aЛесков
_bН. С.
_f1831-1895
_gНиколай Семенович
_9112020
_3RU\NLR\auth\772003
801 0 _aRU
_bРКП
_c20090515
_grcr
801 1 _aRU
_bРГБ
_c20090515
801 2 _aRU
_bNLR
_c20090715
_grcr
942 _cBOOK
980 _aNB
981 3 3 _a(33) Художественная литература
_b(33) Отечественная литература